Estadísticas para 60 Grados Países del Este Meridiano

Haz click aquí para intentar la prueba.

Estadísticas generales

  • Esta prueba ha sido intentada 21 veces
  • La puntuación promedio es 17 de 20

Estadísticas de respuestas

gradospaís% Correcto
0.51°Afganistán
100%
11.43°Irak
100%
Irán
100%
0.87°Pakistán
100%
Rusia
100%
Turkmenistán
100%
Uzbekistán
100%
4.33°Arabia Saudita
95%
8.19°India
95%
3.62°Emiratos
Árabes Unidos
89%
0.21°Omán
89%
5.49°Yemen
89%
8.38°Catar
84%
9.66°Azerbaiyán
79%
9.18°Baréin
79%
Kazajistán
79%
8.59°Somalia
58%
9.52°Madagascar
47%
2.15°Mauricio
47%
4.06°Seychelles
42%

Distribución de puntuación

Porcentaje por número respondido

Porcentaje de gente con cada puntuación

Historial de tus puntuaciones

No has intentado esta prueba.